000 00188nmm a2200085Ia 4500
008 220120s9999||||xx |||||||||||||||||und||
100 _aIT
_910698
245 0 _aE-Mail servers
260 _c2006
999 _c138484
_d138484